[Event "Yingmei Cup CHN-chT 2017"]
[Site "?"]
[Date "2017.11.03"]
[Round "17"]
[White "Gu, Tianlu"]
[Black "Khademalsharieh, Sarasadat"]
[Result "0-1"]
[WhiteElo "2187"]
[BlackElo "2414"]
[Annotator "TA"]
[PlyCount "92"]
[EventDate "2017.??.??"]
[SourceTitle "Tianjin"]

1. Nf3 d5 2. g3 c6 3. Bg2 Bg4 4. d3 Nd7 5. h3 Bh5 6. O-O e6 7. Qe1 Bd6 8. e4
Ne7 9. Nbd2 O-O 10. b3 {A07: Réti Opening: New York and Capablanca Systems} (
10. Nh4 Ng6 11. Nxg6 Bxg6 12. Nf3 dxe4 13. dxe4 f6 14. Qe2 Qc7 15. Rd1 Rad8 16.
Nd4 Rfe8 17. a4 Bf8 18. Nb3 {1/2-1/2 (61) Svidler,P (2739)-Jakovenko,D (2759)
Chita 2015}) 10... a5 {LiveBook: 3 Games} 11. a3 Qb6 $146 ({Predecessor:} 11...
Kh8 12. Bb2 b5 13. Nh4 f6 14. f4 Qb6+ 15. Kh1 Rae8 16. Ndf3 e5 17. g4 Bf7 {
1-0 (43) Ghasi,A (2367)-Rausis,I (2510) Sunningdale 2011}) 12. Kh2 {The
position is equal.} Rad8 13. Bb2 Rfe8 (13... Bc7 {with more complications.} 14.
a4 Rfe8 15. e5 c5 16. Nh4 g5) 14. Nh4 Ng6 (14... e5 {keeps more tension.} 15.
f4 f6 16. fxe5 Nxe5 17. d4 Nf7) 15. Nxg6 Bxg6 16. f4 f6 17. Qf2 Bc5 18. d4 Bf8
19. Rae1 Bf7 20. e5 fxe5 21. fxe5 Bg6 22. Nf3 {Strongly threatening Nh4.} Be7
23. Qd2 c5 24. Bc3 Ra8 25. a4 Rec8 26. h4 Bf5 27. Re2 Qc7 (27... c4 $11) 28.
Qf4 (28. Ng5 $1 $16) 28... c4 $15 {aiming for ...cxb3.} 29. Bb2 cxb3 30. cxb3
Bd3 $1 $36 {Black is on the roll.} 31. Rc1 Bxe2 32. Rxc7 Rxc7 33. Ne1 {With
the idea Bxd5!} Bb4 {[#]} (33... Nf8 $17) 34. Qf2 $2 (34. Bxd5 $1 $11 {and
White is okay.} exd5 35. e6) 34... Bd1 35. Qe3 Bxe1 36. Qxe1 Bxb3 37. Bc3 $2 {
[#]} (37. Bh3 $17 Rc6 38. Bc3) 37... b6 $1 $19 ({Weaker is} 37... Bxa4 38. Bxa5
b6 39. Bd2 $17) 38. Bd2 Bxa4 39. Qe2 (39. Qa1 $142 Bc2 40. Qa3) 39... Nf8 40.
Bf4 (40. Qd3 {is a better defense.}) 40... b5 41. Qa2 Rc4 42. Be3 (42. Bg5 $142
) 42... Bd1 43. Qb1 Ba4 44. Qa2 $1 Rac8 {Black is clearly winning.} 45. h5 (45.
Qa1 $142 Rc2 46. Kh3) 45... Rc2 46. Qa1 Re2 {Precision: White = 27%, Black =
55%.} 0-1

[Event "Yingmei Cup CHN-chT 2017"]
[Site "?"]
[Date "2017.11.04"]
[Round "18"]
[White "Yu, Yangyi"]
[Black "Wan, Yunguo"]
[Result "1-0"]
[WhiteElo "2743"]
[BlackElo "2491"]
[Annotator "TA"]
[PlyCount "67"]
[EventDate "2017.??.??"]
[SourceTitle "Tianjin"]

1. c4 Nf6 2. Nc3 g6 3. e4 d6 4. d4 Bg7 5. Be2 O-O 6. Bg5 Na6 7. Qd2 c5 8. d5 e6
{E73: King's Indian: Averbakh Variation without 6...c5} 9. Nf3 exd5 10. exd5
Re8 11. O-O Qb6 {LiveBook: 6 Games} (11... Bf5 12. Nh4 Qc8 13. Rae1 Nc7 14. Qf4
Ne4 15. Nxe4 Bxe4 16. Qd2 {1-0 (54) Ni,H (2653)-Naroditsky,D (2559) Montcada
2014}) 12. Bd3 Bd7 ({Black should try} 12... Nb4) 13. h3 $16 Nb4 {[#]} 14. Bb1
$1 Qa6 (14... Rab8 $16 {keeps fighting.} 15. a3 Na6) 15. Bxf6 $146 ({
Predecessor:} 15. a3 Qxc4 16. axb4 cxb4 {0-1 (41) Pupols,V (2181)-Airapetian,C
(2124) Seattle 2011}) 15... Bxf6 16. Qf4 Be5 17. Qh4 Qb6 18. Nxe5 ({But not} 
18. Ng5 $6 h5 $14) 18... dxe5 19. Rd1 (19. Ne4 $142 Kg7 20. g4) 19... f5 20. a3
Na6 21. Ba2 (21. Rd2 $16) 21... Qd6 (21... Qxb2 $11 22. Nb5 e4) 22. b4 (22. g4
$14) 22... cxb4 $15 23. axb4 Nxb4 ({Black should play} 23... Qxb4 $15 24. Qg3
Qd6) 24. c5 $36 {White is pushing.} Qxc5 25. d6+ $1 Kg7 26. Rac1 {[#] Strongly
threatening Nd5.} Rac8 (26... Qa5 $11 27. Nd5 Nxd5 28. Bxd5 Qa4) 27. Nd5 Qxc1
$4 (27... Qxd6 $16 28. Nxb4 Rxc1 29. Rxc1 f4) 28. Qf6+ $18 Kh6 29. Rxc1 Rxc1+
30. Kh2 Nxd5 31. Bxd5 Rd1 $2 (31... Bb5 32. Bf7 Rf8) 32. Bf7 Rf8 33. Qh4+ Kg7
34. Bb3 {Precision: White = 67%, Black = 29%.} 1-0

[Event "Yingmei Cup CHN-chT 2017"]
[Site "?"]
[Date "2017.11.04"]
[Round "18"]
[White "Wei, Yi"]
[Black "Zhao, Jun"]
[Result "1-0"]
[WhiteElo "2740"]
[BlackElo "2601"]
[Annotator "TA"]
[PlyCount "81"]
[EventDate "2017.??.??"]
[SourceTitle "Tianjin"]

1. d4 Nf6 2. c4 e6 3. g3 d5 4. Bg2 Bb4+ 5. Nc3 O-O 6. a3 {[%emt 0:00:04] E20:
Nimzo-Indian: g3 and 4 f3} Bxc3+ 7. bxc3 c6 8. Nf3 b6 {LiveBook: 3 Games} 9.
Bg5 Nbd7 $146 ({Predecessor:} 9... Ba6 10. Bxf6 Qxf6 11. Ne5 Bxc4 12. Nxc4 dxc4
13. O-O e5 14. dxe5 Qxe5 {1/2-1/2 (72) Gozzoli,Y (2573)-Fressinet,L (2677)
Agen 2016}) 10. Ne5 Qc7 11. Nxd7 Nxd7 12. Bf4 Qd8 13. cxd5 cxd5 14. c4 Bb7 15.
cxd5 Bxd5 16. e4 Bb7 (16... Bc4 $11) 17. O-O $14 Nf6 18. Re1 Qd7 19. g4 Rfd8
20. g5 Ne8 21. Be5 Nd6 22. Qg4 Kh8 23. Re3 ({Better is} 23. Rac1 $14) 23... Nc4
$11 24. Rh3 Nxe5 25. Qh5 {[#]} h6 26. dxe5 Qe7 27. Qh4 $40 {Black needs to
defend precisely.} Rd7 28. Qf4 Rad8 {aiming for ...Rd1+.} 29. Bf3 Rd3 30. Rc1
R8d7 ({Black should try} 30... Rxa3 $15 31. gxh6 g5) 31. gxh6 g6 $1 32. Rg3 Kh7
33. h4 Qf8 (33... Rxa3 $11 {keeps the balance.} 34. h5 Ra2) 34. Kg2 $16 Qxh6 $2
{[#]} (34... Qe7 $16 {is a better defense.} 35. h5 Rxa3) 35. Rg5 $1 $18 Kg7 $2
({Stronger than} 35... Rxa3 36. h5 $16) (35... Qg7 36. h5 Kg8) 36. h5 {White
is clearly winning.} ({Inferior is} 36. Be2 Rb3 $11) 36... Rxf3 37. Kxf3 Rd3+
38. Ke2 (38. Kg4 $142 Rd4 39. Qf6+ Kf8 40. hxg6) 38... Ba6 39. Ke1 {Intending
Rc7 and mate.} Rf3 40. Qxf3 {Threatening mate with Rc7!} Qxg5 41. Qf6+ {
Precision: White = 42%, Black = 22%.} 1-0

[Event "Yingmei Cup CHN-chT 2017"]
[Site "?"]
[Date "2017.11.04"]
[Round "18"]
[White "Ivanchuk, Vassily"]
[Black "Xu, Zhihang"]
[Result "1/2-1/2"]
[WhiteElo "2732"]
[BlackElo "2376"]
[Annotator "TA"]
[PlyCount "71"]
[EventDate "2017.??.??"]
[SourceTitle "Tianjin"]

1. e4 e6 2. Qe2 c5 3. Nf3 Nc6 4. g3 Nf6 5. Bg2 d5 6. d3 Be7 7. O-O O-O 8. e5
Nd7 9. c4 d4 10. h4 h6 {LiveBook: 3 Partien. C00: Französische Verteidigung 
(Seltene Züge)} (10... b6 11. Ng5 Bb7 12. Bf4 Qc7 13. Nd2 Bxg5 14. hxg5 Ne7
15. Ne4 Ng6 16. Nd6 Bxg2 17. Kxg2 f6 18. gxf6 gxf6 {1/2-1/2 (68) Jones,G (2650)
-Pantsulaia,L (2612) Almaty 2016}) 11. Re1 Rb8 12. Bf4 a6 (12... b5 $11 {
bleibt in der Remisbreite.}) 13. Nbd2 b5 14. b3 (14. Nh2 $1 $16 Bb7 15. Ng4)
14... bxc4 $146 ({Vorgänger:} 14... Bb7 15. Nf1 Nb6 16. N1h2 bxc4 17. dxc4 a5
18. h5 {0-1 (40) Nezad,H (2408)-Tozer,P (2119) Caleta 2010}) 15. bxc4 Rb2 16.
Reb1 Rxb1+ 17. Rxb1 Qa5 {[#]} (17... Qc7 $14) 18. Ne4 (18. Nh2 $1 $16 Qa4 {[#]}
19. a3 $1) 18... Nb4 $11 19. Rb2 Bb7 20. Nh2 {Droht Sf6+! und aus.} Bc6 21. Rd2
Rc8 22. Ng4 Bxe4 (22... h5 $11 23. Nh2 Rb8) 23. Bxe4 $14 Kf8 $1 24. Rb2 Ke8 25.
Nh2 Nb6 26. Rb3 {Droht stark a3.} Na4 (26... Nd7 $11) 27. a3 {Und weiter mit
Dg4 wäre nett.} Nc3 28. Qb2 Nxe4 29. axb4 cxb4 30. dxe4 {und nun wäre Sf3
stark für Weiss.} Rxc4 31. Nf3 Bc5 32. Bd2 Qb5 ({Lieber} 32... Qb6 $11) 33.
Rd3 Qc6 34. Qb3 Qb5 35. Qb2 Qc6 36. Qb3 {Precision: Weiß = 45%, Schwarz = 54%.
} 1/2-1/2

[Event "Yingmei Cup CHN-chT 2017"]
[Site "?"]
[Date "2017.11.04"]
[Round "18"]
[White "Vidit, Santosh Gujrathi"]
[Black "Liu, Guanchu"]
[Result "1-0"]
[WhiteElo "2713"]
[BlackElo "2458"]
[Annotator "TA"]
[PlyCount "85"]
[EventDate "2017.??.??"]
[SourceTitle "Tianjin"]

1. d4 Nf6 2. c4 e6 3. g3 c5 4. d5 exd5 5. cxd5 b5 6. e4 {A60: Modern Benoni:
Early Divergences} Nxe4 7. Bg2 Nd6 8. Bf4 Be7 9. Nf3 O-O 10. O-O {LiveBook: 17
Games} Bb7 11. Re1 Na6 12. Nc3 b4 13. Bxd6 $1 Bxd6 {[#]} 14. Ne4 $146 Be7 15.
d6 Bf6 16. Nxf6+ Qxf6 17. Ne5 Bxg2 18. Kxg2 Rad8 19. Qa4 Nb8 20. Rad1 $1 Qf5
21. Qxa7 ({White should play} 21. Qb3 $1 $16) 21... f6 $14 22. Nd3 $36 {
White has the initiative.} Rc8 23. Qa5 {Strongly threatening Nxb4!} Qd5+ 24.
Kg1 {And now Nxb4 would win.} Nc6 (24... Qxd6 $11 {remains equal.} 25. Nxb4 Qc7
26. Qxc7 Rxc7) 25. Qxc5 $16 Qxc5 26. Nxc5 Ne5 27. Rxe5 $1 fxe5 28. Nxd7 {
Endgame KRR-KRN} Rfe8 29. Nf6+ gxf6 30. d7 $1 Red8 31. dxc8=Q Rxc8 {KR-KR} 32.
Rd3 Ra8 33. Rb3 Ra4 34. Kf1 h5 35. Ke2 Kg7 36. Kd3 h4 (36... Rxa2 $16 37. Rxb4
Kg6) 37. gxh4 $18 Kg6 $2 (37... f5 $16 {keeps fighting.} 38. f3 Rxa2 39. Rxb4
Ra8) 38. Ke4 $1 Rxa2 39. Rxb4 Ra1 $2 (39... Ra6 40. h5+ Kxh5) 40. h5+ {White
is clearly winning.} Kg5 {[#]} 41. h4+ $1 Kxh5 {[#]} (41... Kh6 $142 42. Rb8
Rf1) 42. Kf5 $1 Ra6 43. Rb7 {Precision: White = 86%, Black = 25%.} (43. Rb8
$142 Kh6 44. b4) 1-0

[Event "Yingmei Cup CHN-chT 2017"]
[Site "?"]
[Date "2017.11.04"]
[Round "18"]
[White "Jakovenko, Dmitry"]
[Black "Lan, Zilun"]
[Result "1-0"]
[WhiteElo "2710"]
[BlackElo "2361"]
[Annotator "TA"]
[PlyCount "47"]
[EventDate "2017.??.??"]
[SourceTitle "Tianjin"]

1. e4 c6 2. d4 d5 3. e5 Bf5 4. Nf3 e6 5. Be2 Nd7 6. O-O Ne7 7. Nbd2 h6 {
B12: Caro-Kann: Advance Variation} 8. c3 (8. Nb3 Qc7 9. Bd2 g5 10. c4 a5 11.
Rc1 dxc4 12. Bxc4 Bg7 13. Re1 O-O 14. h4 g4 {1-0 (39) Vachier Lagrave,M (2804)
-Tomashevsky,E (2716) Doha 2016}) 8... g5 9. Re1 Bg7 10. Nf1 Bg6 {LiveBook: 3
Games} 11. Bd3 $146 ({Predecessor:} 11. h3 a6 12. Bd3 Rc8 13. Ng3 c5 14. Bxg6
fxg6 15. dxc5 Nc6 {1/2-1/2 (48) Iordachescu,V (2644)-Evdokimov,A (2555) Dubai
2012}) 11... Bxd3 12. Qxd3 Ng6 13. h3 Qe7 ({Black should try} 13... f5 $14) 14.
Ng3 $1 $16 O-O-O 15. a4 Rhg8 16. a5 (16. b4 $142) 16... a6 17. c4 {Threatens
to win with cxd5.} f5 $2 {[#]} ({Black should play} 17... Ndf8 $14) 18. cxd5 $1
$18 cxd5 $2 {[#]} (18... Ndxe5 {was necessary.} 19. Nxe5 Bxe5) 19. b4 $1 g4 (
19... Kb8 $142 20. b5 Ka7) (19... Qxb4 20. Ba3) 20. Ba3 gxf3 21. b5 Qg5 (21...
Ndxe5 $142 22. dxe5 Qe8) 22. bxa6 {Qb5 would kill now.} Ndxe5 23. Qb5 bxa6 24.
Rec1+ {Precision: White = 89%, Black = 20%.} 1-0

[Event "Yingmei Cup CHN-chT 2017"]
[Site "?"]
[Date "2017.11.04"]
[Round "18"]
[White "Wang, Hao"]
[Black "Fang, Yuxiang"]
[Result "1-0"]
[WhiteElo "2706"]
[BlackElo "2503"]
[Annotator "TA"]
[PlyCount "63"]
[EventDate "2017.??.??"]
[SourceTitle "Tianjin"]

1. e4 e5 2. Nf3 Nc6 3. Bc4 Nf6 4. Ng5 d5 5. exd5 Na5 6. Bb5+ c6 7. dxc6 bxc6 8.
Bd3 h6 9. Ne4 {C58: Two Knights: 4 Ng5 d5 5 exd5 Na5 sidelines} Nd5 10. O-O Be7
11. Ng3 {White is better.} O-O (11... h5 12. Re1 h4 13. Nf5 Bf6 14. Be4 Be6 15.
d4 Nb6 16. Bd2 Nbc4 17. Bxa5 Nxa5 {1-0 (33) Riazantsev,A (2692) -Sokolov,I 
(2650) Saint-Quentin 2014}) 12. Bf5 c5 13. Nc3 {[#] And now Nxd5 would win.}
Nxc3 $146 ({Better is} 13... Nf4) ({Predecessor:} 13... Nf4 14. d3 Nc6 15. Bxc8
Qxc8 16. Nce2 Nxe2+ 17. Qxe2 {1-0 (69) Nilsson,S (2362)-Kazdagli, B (1913)
Rogaska Slatina 2011}) 14. dxc3 $16 Qxd1 15. Rxd1 Bb7 16. Rd7 Rfe8 {[#]} 17.
Be3 $1 g6 18. Be4 ({Weaker is} 18. Bxh6 gxf5 19. Nxf5 Bf6 $11) 18... Bxe4 19.
Nxe4 f5 20. Bxc5 Kf7 21. Bb4 Nc4 22. Nd6+ Nxd6 23. Bxd6 Ke6 24. Rxe7+ Rxe7 25.
Bxe7 Kxe7 $18 {Endgame KR-KR} 26. Rd1 Ke6 27. f3 g5 28. c4 h5 29. Kf2 g4 30. c5
Rb8 31. b3 Rb5 32. Rd6+ {Precision: White = 85%, Black = 42%.} 1-0

[Event "Yingmei Cup CHN-chT 2017"]
[Site "?"]
[Date "2017.11.04"]
[Round "18"]
[White "Andreikin, Dmitry"]
[Black "Wang, Yue"]
[Result "1/2-1/2"]
[WhiteElo "2705"]
[BlackElo "2689"]
[Annotator "TA"]
[PlyCount "91"]
[EventDate "2017.??.??"]
[SourceTitle "Tianjin"]

1. e4 e5 2. Nf3 Nf6 3. Nxe5 d6 4. Nf3 Nxe4 5. Bd3 Nf6 6. O-O {C42: Russische
Verteidigung (Petrow)} Be7 7. c3 O-O 8. Bc2 Bg4 9. d4 Nbd7 {LiveBook: 4 Partien
} 10. Bf4 $146 ({Vorgänger:} 10. Nbd2 Re8 11. Nc4 Bh5 12. Ne3 Bf8 13. Nf5 c6 {
1/2-1/2 (37) Ivanchuk,V (2746)-Gelfand,B (2733) Bazna 2009}) 10... Re8 11. Nbd2
Bf8 12. Bd3 (12. h3 $14 Bh5 13. g4) 12... c6 ({Lieber} 12... Ne5 $11 13. Bc2 (
13. dxe5 dxe5 14. Bxe5 Rxe5 $11) 13... Nxf3+ 14. Nxf3 Qd7) 13. h3 Bh5 14. Qb3
Bxf3 15. Nxf3 ({Doch nicht} 15. gxf3 Nh5 $17) 15... Qb6 16. Qc2 g6 17. a4 a5
18. Rae1 Rxe1 19. Rxe1 Re8 20. Rxe8 (20. Rb1 {feels hotter.} Nd5 21. Bd2 Qa7
22. g3 Bg7 23. Kg2) 20... Nxe8 21. h4 Ndf6 22. Qe2 Qd8 23. g3 Ng7 24. Ng5 Qe7
25. Qd1 (25. Kg2 {seems wilder.} Qd7 26. Nf3 Ne6 27. Bd2 d5 28. Bg5) 25... Ne6
26. Bd2 Nxg5 27. Bxg5 Bg7 28. h5 Qe6 29. hxg6 hxg6 30. Qe2 (30. Qc2 {looks
sharper.} Kf8 31. Bf4 Nd5 32. Bc1 Nb6 33. Bd2) 30... Qxe2 31. Bxe2 $11 {
Endspiel KLL-KLS} Kf8 32. Kf1 Ke8 {Die Stellung ist ausgeglichen.} 33. Bd3 Kd7
34. Ke2 d5 35. Kf3 Ne8 36. Bf1 Bf6 37. Bh3+ Kd8 38. Bf4 Be7 39. Ke2 Nd6 40. Bg2
Kd7 41. Bh3+ Kd8 42. Bg2 Kd7 43. Kd3 f5 44. Bd2 Ke6 45. Bf4 b5 46. Bxd6 {
Precision: Weiß = 34%, Schwarz = 74%.} 1/2-1/2

[Event "Yingmei Cup CHN-chT 2017"]
[Site "?"]
[Date "2017.11.04"]
[Round "18"]
[White "Ni, Hua"]
[Black "Zhao, Yuanhe"]
[Result "1/2-1/2"]
[WhiteElo "2674"]
[BlackElo "2377"]
[Annotator "TA"]
[PlyCount "62"]
[EventDate "2017.??.??"]
[SourceTitle "Tianjin"]

1. d4 d5 2. c4 c6 3. Nf3 Nf6 4. Qc2 dxc4 5. Qxc4 g6 6. Bf4 Bg7 7. e3 {LiveBook:
37 Games. D11: Slav Defence: 3 Nf3 sidelines and 3...Nf6 4 e3 Bg4} Be6 8. Qc1
O-O 9. Nbd2 Nbd7 10. e4 $146 ({Predecessor:} 10. Bc4 Bf5 11. O-O Rc8 12. Re1 b5
13. Bf1 c5 14. Qd1 cxd4 15. Nxd4 {1/2-1/2 (44) Wojtkiewicz,A (2554)-Shabalov,A
(2595) San Diego 2006}) 10... Bg4 11. Be2 Nh5 12. Bg5 h6 13. Be3 e5 $1 14. dxe5
Bxf3 15. Nxf3 {[#] Strongly threatening g4.} Nxe5 16. O-O Ng4 17. Bd2 Qb6 18.
Qc2 Rfe8 19. Rab1 Re7 20. Bc4 Kh7 21. g3 Nhf6 22. Rbe1 {aiming for h3.} Nd7 23.
h3 Nge5 {The position is equal.} 24. Nxe5 Nxe5 25. Be2 Nd7 26. b3 Rae8 27. Bd1
Qd4 28. Bf3 Ne5 29. Be2 Nd7 30. Bf3 Ne5 31. Be2 Nd7 {Precision: White = 72%,
Black = 63%.} 1/2-1/2

[Event "Yingmei Cup CHN-chT 2017"]
[Site "?"]
[Date "2017.11.04"]
[Round "18"]
[White "Ma, Qun"]
[Black "Lu, Shanglei"]
[Result "1/2-1/2"]
[WhiteElo "2636"]
[BlackElo "2640"]
[Annotator "TA"]
[PlyCount "60"]
[EventDate "2017.??.??"]
[SourceTitle "Tianjin"]

1. d4 d5 2. c4 e6 3. Nc3 Nf6 4. cxd5 Nxd5 5. e4 Nxc3 6. bxc3 c5 7. Nf3 cxd4 8.
cxd4 Bb4+ 9. Bd2 Bxd2+ 10. Qxd2 O-O 11. Bc4 b6 12. O-O {[%emt 0:00:05] D41:
Queen's Gambit Declined: Semi-Tarrasch with cxd5} (12. d5 Ba6 13. Bxa6 Nxa6 14.
d6 Nc5 15. e5 Qd7 16. O-O Rad8 17. Rad1 Qa4 18. Rfe1 f6 19. Qe2 fxe5 20. Nxe5 {
1-0 (32) Caruana,F (2799)-Xiong,J (2633) Douglas 2017}) 12... Bb7 13. d5 exd5
14. Bxd5 {LiveBook: 4 Games. The position is equal.} Bxd5 15. exd5 Qd6 16. Rac1
Rd8 17. Rfd1 Na6 18. Rc6 Qxc6 19. dxc6 Rxd2 20. Rxd2 $11 {Endgame KRN-KRN} Rc8
$146 ({Predecessor:} 20... Nc5 21. Nd4 Kf8 22. c7 Na6 {1/2-1/2 (22) John,
H-Lederer,G Germany 1988}) 21. Rd7 Nb8 22. Rxa7 {[#] c7 is the strong threat.}
Nxc6 23. Ra3 Nd4 {( -> ...Rc1+)} 24. g3 $1 Nxf3+ 25. Rxf3 {KR-KR} Ra8 26. Rb3
Rxa2 27. Rxb6 {[#]} Ra1+ 28. Kg2 g6 29. h4 h5 30. Rb4 Kg7 1/2-1/2

[Event "Yingmei Cup CHN-chT 2017"]
[Site "?"]
[Date "2017.11.04"]
[Round "18"]
[White "Zhou, Weiqi"]
[Black "Malakhov, Vladimir"]
[Result "1/2-1/2"]
[WhiteElo "2614"]
[BlackElo "2691"]
[Annotator "TA"]
[PlyCount "85"]
[EventDate "2017.??.??"]
[SourceTitle "Tianjin"]

1. d4 d5 2. c4 c6 3. Nf3 Nf6 4. Nc3 a6 5. a4 e6 6. Bg5 a5 {D15: Slav Defence:
4 Nc3 a6 and gambit lines after 4 Nc3 dxc4} 7. e3 Be7 8. Be2 Na6 9. O-O O-O 10.
Qb3 Nb4 11. Na2 Nxa2 (11... dxc4 12. Qxc4 Nxa2 13. Qxa2 Nd5 14. Bxe7 Qxe7 {
1/2-1/2 (34) Zhou,W (2635)-Malakhov,V (2695) China 2016}) 12. Qxa2 b6 13. Ne5
Bb7 14. Qb3 Rb8 $146 15. Rfd1 c5 16. Qb5 Qc7 17. cxd5 Bxd5 18. Bf3 {Strongly
threatening Bxd5.} cxd4 {The position is equal.} 19. Bxf6 Bxf6 20. Nd7 $1 Bc4
21. Qc6 Qxc6 22. Bxc6 dxe3 23. fxe3 Bxb2 24. Rab1 Ba3 25. Nxb8 Rxb8 26. Rd4 Ba6
27. Rbd1 (27. Kf2 {looks sharper.} g6 28. Rd7 Bb4 29. Rbd1 Rc8 30. Rd8+) 27...
g6 28. Rd8+ Rxd8 29. Rxd8+ $11 {Endgame KRB-KB} Kg7 30. Rd7 Bc5 31. Kf2 Bc4 32.
Rb7 Kf8 33. g4 g5 34. Kf3 Bb3 35. Rd7 h6 36. Bb5 Bb4 37. Ke2 Bd5 38. Kf2 Bc5
39. h3 Be4 40. Ke2 Bg2 41. Kf2 Be4 42. Ke2 Bg2 43. Kf2 {Precision: White = 81%,
Black = 91%.} 1/2-1/2

[Event "Yingmei Cup CHN-chT 2017"]
[Site "?"]
[Date "2017.11.04"]
[Round "18"]
[White "Zhou, Jianchao"]
[Black "Moiseenko, Alexander"]
[Result "1-0"]
[WhiteElo "2592"]
[BlackElo "2674"]
[Annotator "TA"]
[PlyCount "137"]
[EventDate "2017.??.??"]
[SourceTitle "Tianjin"]

1. Nf3 d5 2. e3 c5 3. b3 Nf6 4. Bb2 g6 5. c4 dxc4 6. bxc4 Bg7 7. Be2 O-O 8. O-O
Nc6 9. Ne5 Nxe5 10. Bxe5 Bd7 $146 {A30: Symmetrical English: Double Fianchetto
and Hedgehog} ({Predecessor:} 10... Ne8 11. Bxg7 Nxg7 12. Qb3 Nf5 13. Rd1 b6
14. Bf3 Rb8 15. Nc3 Bb7 16. Bxb7 Rxb7 17. a4 Qd3 18. a5 Nd6 19. axb6 axb6 20.
Ra4 Ne4 {1/2-1/2 (20) Kanovsky,D (2409)-Warakomski,T (2502) Pardubice 2008})
11. Qc2 Bc6 12. d3 Ne8 {The position is equal.} 13. Bc3 Qd7 14. a4 Nc7 15. Bxg7
Kxg7 16. Qb2+ f6 ({Black should play} 16... Kg8 $1 $11) 17. d4 $1 $14 {
Threatens to win with d5.} cxd4 18. exd4 {Black must now prevent d5.} e6 19. a5
Qd6 20. Rd1 Rad8 21. Nc3 Rf7 22. Rd3 Na6 23. Rad1 Qb4 24. Qa1 Qd6 25. Re3 Nc7
26. h4 Rfd7 27. h5 Qf4 28. Qa3 $1 Rxd4 $2 (28... Kg8 $16) 29. Qe7+ Kg8 30. Rxd4
Rxd4 {[#]} 31. g3 (31. hxg6 hxg6 32. Rg3 Be8 $16) (31. Nd5 $1 $18 exd5 (31...
Bxd5 32. g3) 32. g3) 31... Qd6 $16 32. Qxf6 $40 {White has strong attack.} Ne8
33. Qg5 $1 (33. Qxe6+ $6 Qxe6 34. Rxe6 Kf7 $16) 33... Kf7 34. Bf3 {Strongly
threatening Be4.} Rxc4 35. Ne4 Qd4 36. Qh6 {White has strong compensation.} Qg7
(36... Rc1+ $16 {keeps fighting.} 37. Kg2 Qg7 38. Qf4+ Kg8) 37. Qf4+ $1 $18 Ke7
(37... Kg8 38. Nf6+ $1 Qxf6 39. Qxc4 $18) 38. Qg5+ $1 Nf6 $2 (38... Kf7 $16)
39. Nc5 Bxf3 40. Rxf3 Kd6 41. h6 ({Less strong is} 41. Rxf6 Rxc5 42. h6 Qg8 $16
) 41... Qe7 42. Nxb7+ Qxb7 43. Qxf6 {Endgame KQR-KQR} Qd5 {intending ...Kc6.}
44. Qd8+ Kc6 45. Qxd5+ exd5 {KR-KR} 46. Rf7 $2 (46. Rf6+ $1 $18 Kb7 47. a6+ Kb8
48. Rd6) 46... d4 $2 (46... Rc1+ $1 $11 47. Kg2 d4) 47. Kf1 $1 d3 $2 (47... Rc5
48. Ke2 (48. Rxh7 Re5 $16) 48... d3+ 49. Kd2 Rxa5 50. Rxh7 Ra2+ 51. Kxd3 Rxf2)
48. Ke1 Rc2 49. Rxa7 Re2+ 50. Kd1 Rxf2 51. Rxh7 Kb5 52. Rg7 Rh2 53. Rxg6 Kxa5
54. Rd6 $1 Kb4 55. Rxd3 Kc5 $2 {[#]} (55... Rxh6 56. Ke2 Kc5) 56. Ke1 $1 Rxh6 {
[#]} 57. Kf2 $1 {White mates.} Rg6 58. Kf3 Rg8 59. g4 Kc6 60. Kf4 Rf8+ 61. Ke5
Rg8 62. Kf5 Rf8+ 63. Ke6 Rg8 64. Rc3+ Kb5 65. Rg3 Kc5 66. g5 Rg6+ 67. Kf7 Ra6
68. g6 Ra7+ 69. Ke6 {Precision: White = 78%, Black = 34%.} 1-0

[Event "Yingmei Cup CHN-chT 2017"]
[Site "?"]
[Date "2017.11.04"]
[Round "18"]
[White "Bai, Jinshi"]
[Black "Ding, Liren"]
[Result "0-1"]
[WhiteElo "2553"]
[BlackElo "2772"]
[Annotator "TA"]
[PlyCount "64"]
[EventDate "2017.??.??"]
[SourceTitle "Tianjin"]

1. d4 Nf6 2. c4 e6 3. Nc3 Bb4 4. Nf3 O-O 5. Bg5 c5 6. e3 cxd4 {[%emt 0:00:04]
LiveBook: 35 Games. E21: Nimzo-Indian: Nf3} 7. Qxd4 (7. exd4 d5 8. cxd5 exd5 9.
Be2 h6 10. Bxf6 Qxf6 11. O-O Bxc3 12. bxc3 Nc6 13. Re1 b6 14. Nd2 Be6 15. Nf1
Na5 16. Ne3 Rac8 {0-1 (28) Mamedyarov,S (2800)-Carlsen,M (2832) Paris 2017})
7... Nc6 8. Qd3 $146 ({Predecessor:} 8. Qh4 h6 9. Bxf6 Qxf6 10. Qxf6 gxf6 11.
Rc1 b6 12. Bd3 Bb7 13. O-O Rac8 14. a3 Bxc3 15. Rxc3 {1/2-1/2 (130) Iniyan,P 
(2396)-Paszewski,M (2280) Graz 2017}) 8... h6 {The position is equal.} 9. Bh4
d5 10. Rd1 g5 11. Bg3 Ne4 12. Nd2 Nc5 13. Qc2 d4 14. Nf3 e5 $1 15. Nxe5 dxc3 (
15... Re8 16. Nxc6 bxc6 17. a3) 16. Rxd8 cxb2+ $1 17. Ke2 $2 (17. Rd2 $1 $11
Rd8 18. Nf3 (18. Qxb2 Rxd2 19. Qxb4 Nxb4 $11)) 17... Rxd8 $19 18. Qxb2 {
Nxc6 is the strong threat.} Na4 $1 19. Qc2 Nc3+ $1 20. Kf3 Rd4 21. h3 {[#]
aiming for Bh2.} h5 $1 22. Bh2 (22. e4 {is a better defense.} Rxe4 23. Qxe4
Nxe4 24. Kxe4) 22... g4+ 23. Kg3 {[#]} Rd2 $3 24. Qb3 (24. Qxd2 $142 Ne4+ 25.
Kh4 Bxd2 26. Nxc6 bxc6 27. Bg3) 24... Ne4+ 25. Kh4 Be7+ 26. Kxh5 Kg7 27. Bf4
Bf5 {( -> ...Rh8+)} 28. Bh6+ Kh7 29. Qxb7 {[#]} Rxf2 $3 30. Bg5 Rh8 {Black
mates.} 31. Nxf7 Bg6+ 32. Kxg4 {[#]} Ne5+ $1 {Precision: White = 45%, Black =
88%.} 0-1